Statistics for Answers Contain Road Quiz

Click here to take the quiz!

General Stats

  • This quiz has been taken 21,547 times
    (15,678 since last reset)
  • The average score is 14 of 20

Answer Stats

Hint Answer % Correct
Voyage by carRoad Trip
91%
Animals struck by carsRoadkill
91%
Aggressive and angry drivingRoad Rage
90%
Wile E. Coyote's nemesisRoad Runner
90%
Ice cream flavor
with marshamallows and nuts
Rocky Road
89%
Road that leads to the Emerald CityYellow Brick Road
88%
Beatles albumAbbey Road
87%
What a train drives onRailroad
87%
___ _____ lead to RomeAll Roads
85%
What happens when
skin scrapes the pavement
Road Rash
77%
Ancient trade route between
China and Europe
Silk Road
68%
___ ___ ____, JackHit the Road
67%
Sporty carRoadster
64%
Take me home, mountain mammaCountry Roads
62%
Where Patrick Swayze is a bouncerRoad House
51%
Road taken by Robert FrostRoad Less Traveled
49%
Jack Kerouac novelOn the Road
39%
I'm a man of means by no meansKing of the Road
34%
TurnpikeToll Road
31%
Mad Max 2The Road Warrior
25%

Score Distribution

Percentile by Number Answered

Percent of People with Each Score

Your Score History

You have not taken this quiz since the last reset